College Quizbowl Stats
College Quizbowl Stats
Circuits
Seasons
Sets
Records
Detailed Stats
About
Loading...
2024 ACF Fall at Georgia
Tossups
Bonuses
Players
Teams
Categories (Tossup)
Categories (Bonus)
Brigitte McNulty
Georgia A
Categories
Category
Powers
Gets
Negs
BBs
Points
Earliest Buzz
Avg. Buzz
First Buzzes
Top 3 Buzzes
BPA
PVF
Fine Arts - Other
0
2
0
0
20
64
68.00
0
1
0.00
0.00
Literature - American
0
1
0
0
10
22
22.00
1
1
0.00
0.00
Painting/Sculpture
0
1
0
0
10
103
103.00
0
0
0.00
0.00
Social Science
0
1
0
1
10
115
115.00
0
0
0.00
0.00
Buzzes
Category
Answer
Value
Buzz Position
Literature - American
Angels in America: A Gay Fantasia on National Themes
10
22
Fine Arts - Other
Wicked
10
64
Fine Arts - Other
album covers
10
72
Painting/Sculpture
comics
10
103
Social Science
demand
10
115
Previous
1
Next